| 000 | 01183 a2200313 4500 | ||
|---|---|---|---|
| 999 |
_c200130818 _d30431 |
||
| 001 | 200130818 | ||
| 003 | TR-AnTOB | ||
| 005 | 20211025104149.0 | ||
| 008 | 131112s2013 tu 000 0 | ||
| 020 | _a9786051221397 | ||
| 040 |
_aTR-AnTOB _cTR-AnTOB _beng |
||
| 041 | _atur | ||
| 050 |
_aZ4941 _b.G46 2013 |
||
| 090 | _aZ4941 .G46 2013 | ||
| 110 |
_aTürkiye. _bGençlik ve Spor Bakanlığı _991694 |
||
| 245 | 1 | 0 |
_aGençlik Temalı Lisansüstü Tez Bibliyografyası / _cEraslan, Levent. |
| 264 | 1 |
_aAnkara : _bGençlik ve Spor Yayınları , _c2013 |
|
| 300 |
_a442.p _c13 cm |
||
| 336 |
_2rdacontent _atext _btxt |
||
| 337 |
_2rdamedia _aunmediated _bn |
||
| 338 |
_2rdacarrier _avolume _bnc |
||
| 490 | 0 |
_aEğitim, Kültür ve Araştırma ; _v78 |
|
| 490 | 0 |
_aGençlik Araştırmaları ; _v3 |
|
| 505 | _aGiriş -- Bölüm 1: Sosyoloji -- Bölüm 2: Psikoloji -- Bölüm 3: Eğitim -- Bölüm 4: Ekonomi/Sosyal Politika -- Bölüm 5: Sanat -- Bölüm 6: Spor -- Bölüm 7: Din Bilimleri -- Bölüm 8: Siyaset -- Bölüm 9: Diğer. | ||
| 650 |
_aTezler, Akademik _zTürkiye _vBibliyografya _941157 |
||
| 700 | 1 |
_aEraslan, Levent _994064 |
|
| 942 |
_cBK _2lcc |
||